Chanson française par image #5 - Statistiques

Statistiques générales
  • Ce quiz a été pris 4 021 fois
  • Le résultat moyen est 8 sur 16
Statistiques - réponses
Par images Hint Réponse % Correct
Vanessa Paradis Tandem
75%
Jacques Dutronc Les Cactus
70%
Garou Seul
66%
Maître Gims Zombie
66%
Jean-Jacques Goldman Je marche seul
64%
Michel Berger La Groupie du pianiste
64%
Renaud Hexagone
60%
Gilbert Bécaud L'Orange
56%
Zazie Rue de la Paix
56%
Gold Plus près des étoiles
53%
Claude François Je vais à Rio
52%
Francis Cabrel Sarbacane
49%
Bruno Pelletier Le Temps des cathédrales
42%
Pascal Obispo Fan
30%
France Gall Hong-Kong Star
15%
Véronique Jannot Aviateur
13%
Aucun quiz correspondant
Distribution des résultats
% des personnes avec chaque résultat
Percentile par nombre de réponses
Votre historique - résultats
Vous n’avez pas pris ce quiz